000 00996cam a2200325 i 4500
999 _c200438844
_d57056
001 200438844
003 TR-AnTOB
005 20230809001309.0
007 ta
008 201028s1999 tu tur d
020 _a9756877170
040 _aIBU
_beng
_erda
_cIBU
_dTR-AnTOB
041 0 _atur
050 1 4 _aKKX4610
_b.S24 1999
090 _aKKX4610
_b.S24 1999
100 1 _aŞafak, Ali
_eauthor
_960041
245 1 0 _aCeza muhakemesi hukuku ve polis /
_cProf. Dr. Ali Şafak, Yrd. Doç. Dr. Vahit Bıçak.
250 _a3. baskı: Eylül 1999
264 1 _aAnkara :
_bLiberte,
_c1999.
300 _axiv, 376 pages ;
_c21 cm
336 _atext
_btxt
_2rdacontent
337 _aunmediated
_bn
_2rdamedia
338 _avolume
_bnc
_2rdacarrier
490 0 _aLiberte Yayınları ;
_v32
504 _aIncludes bibliographical references.
650 7 _aCeza hukuku
_zTürkiye
_2etuturkob
_948989
700 1 _aBıçak, Vahit
_eauthor
_926394
942 _2lcc
_cBK